[Event "I Torneo Giovani Maestri"]
[Site "Pesaro ITA"]
[Date "2003.09.28"]
[Round "1"]
[White "Cacco, Christian"]
[Black "Genocchio, Daniele"]
[Result "1/2-1/2"]
[WhiteElo "2330"]
[BlackElo "2352"]
[PlyCount "36"]
[EventDate "2003.09.28"]

1. d4 g6 2. Nf3 Bg7 3. b4 f5 4. g3 b6 5. Bg2 Bb7 6. O-O Nf6 7. c4 O-O 8. Bb2 e6
9. Nbd2 Qe7 10. Qb3 d6 11. Rfd1 Nbd7 12. Rac1 a5 13. a3 Bh6 14. e3 axb4 15.
axb4 Ra7 16. Ne1 Bxg2 17. Nxg2 Qf7 18. Ra1 Rb7 1/2-1/2

[Event "I Torneo Giovani Maestri"]
[Site "Pesaro ITA"]
[Date "2003.09.28"]
[Round "1"]
[White "Lapenna, Antonio"]
[Black "Vocaturo, Daniele"]
[Result "0-1"]
[WhiteElo "2047"]
[BlackElo "2156"]
[PlyCount "152"]
[EventDate "2003.09.28"]

1. e4 g6 2. d4 Bg7 3. Nc3 d6 4. g3 c6 5. Bg2 b5 6. a3 a5 7. Nge2 Ba6 8. Be3 Nd7
9. O-O Nb6 10. e5 d5 11. b4 Bc8 12. f4 Nc4 13. Bf2 h5 14. Ra2 Bf8 15. Nc1 Bg4
16. Qe1 Bf5 17. Nd3 e6 18. h3 Bxd3 19. cxd3 Nb6 20. Qb1 Qe7 21. Rb2 Nh6 22. Rc1
axb4 23. axb4 g5 24. Ne2 Kd7 25. Qc2 Rc8 26. Be1 gxf4 27. Ra2 Na4 28. Nc3 Nxc3
29. Qxc3 Qd8 30. Ra7+ Ke8 31. Ra6 Qd7 32. Rca1 Be7 33. Ra7 Rc7 34. Ra8+ Bd8 35.
Qc5 fxg3 36. Bd2 Nf5 37. Bg5 Ne7 38. Qd6 Nc8 39. Qxd7+ Kxd7 40. Bf4 h4 41. R1a6
Rg8 42. Bf3 Bg5 43. Bxg5 Rxg5 44. Bg4 Rg8 45. Ra1 Ne7 46. R8a6 Nf5 47. Rf1 Nh6
48. Rf6 Rh8 49. Ra1 Rh7 50. Bh5 Ke7 51. Rf4 Nf5 52. Bg4 Ne3 53. Be2 Kd7 54. Ra2
Kc8 55. Rf3 Nf5 56. Rf4 Kb8 57. Ra6 Ne3 58. Ra1 Ra7 59. Rc1 Kc7 60. Bh5 Kb6 61.
Bf3 Ra4 62. Re1 Nc2 63. Rf1 Nxb4 64. Be2 Ra7 65. Kg2 Nc2 66. Kf3 Ra4 67. Bd1
Ra2 68. Bxc2 Rxc2 69. Ke3 g2 70. Rg1 b4 71. Rg4 b3 72. R4xg2 Rxg2 73. Rxg2 Kb5
74. Kd2 Kb4 75. Kc1 Kc3 76. Rd2 Rg7 0-1

[Event "I Torneo Giovani Maestri"]
[Site "Pesaro ITA"]
[Date "2003.09.28"]
[Round "1"]
[White "Rombaldoni, Denis"]
[Black "Tomba, Ivan"]
[Result "1-0"]
[WhiteElo "2064"]
[BlackElo "2175"]
[PlyCount "79"]
[EventDate "2003.09.28"]

1. d4 Nf6 2. c4 g6 3. Nc3 Bg7 4. Nf3 d6 5. Bg5 O-O 6. e3 Nbd7 7. Be2 c6 8. Qc2
e5 9. Rd1 Qa5 10. dxe5 dxe5 11. Nd2 Nc5 12. Bxf6 Bxf6 13. Rb1 Ne6 14. h4 Be7
15. a3 Kg7 16. b4 Qxa3 17. Rb3 Qa6 18. c5 b5 19. cxb6 Qxb6 20. Nc4 Qc7 21. Qe4
Rb8 22. Qb1 Bd7 23. g3 a6 24. O-O f5 25. Na5 Bc8 26. Rc1 Qd6 27. Rd1 Qc7 28.
Rc1 Rxb4 29. Rxb4 Qxa5 30. Ra4 Qc7 31. Bxa6 Bxa6 32. Rxa6 Nc5 33. Rb6 e4 34.
Ne2 Kh6 35. Nd4 Nd3 36. Rcxc6 Qe5 37. Re6 Qc5 38. Rbc6 Qa3 39. Nc2 Rb8 40. Nxa3
1-0

[Event "I Torneo Giovani Maestri"]
[Site "Pesaro ITA"]
[Date "2003.09.28"]
[Round "1"]
[White "Ronchetti, Niccolo'"]
[Black "Bonafede, Alessandro"]
[Result "1-0"]
[WhiteElo "2217"]
[BlackElo "2098"]
[PlyCount "75"]
[EventDate "2003.09.28"]

1. e4 c5 2. Nf3 Nc6 3. d4 cxd4 4. Nxd4 Nf6 5. Nc3 e5 6. Ndb5 d6 7. Nd5 Nxd5 8.
exd5 Nb8 9. a4 Be7 10. Be3 O-O 11. a5 Nd7 12. Nxa7 f5 13. Nxc8 Qxc8 14. f3 Bf6
15. Qb1 Nc5 16. Bf2 e4 17. Be2 exf3 18. gxf3 Re8 19. Ra3 Qc7 20. b4 Na6 21. Kf1
Rxe2 22. Kxe2 Qc4+ 23. Kd1 Nxb4 24. Qb3 Qf4 25. Qe3 Qxe3 26. Bxe3 Nxd5 27. Bd2
Nb6 28. Rd3 Nc4 29. Rd5 Bc3 30. Bf4 g6 31. Ke2 Re8+ 32. Kd3 Be5 33. Kxc4 Bxf4
34. Rb1 Rc8+ 35. Kd3 Re8 36. Rxb7 Re3+ 37. Kc4 Ra3 38. Kb5 1-0

[Event "I Torneo Giovani Maestri"]
[Site "Pesaro ITA"]
[Date "2003.09.29"]
[Round "2"]
[White "Bonafede, Alessandro"]
[Black "Genocchio, Daniele"]
[Result "0-1"]
[WhiteElo "2098"]
[BlackElo "2352"]
[PlyCount "58"]
[EventDate "2003.09.28"]

1. e4 c5 2. Nf3 g6 3. d4 cxd4 4. Nxd4 Bg7 5. Nc3 Nc6 6. Be3 Nf6 7. f3 O-O 8.
Bc4 d6 9. Qd2 Bd7 10. O-O-O Rb8 11. Bb3 Qa5 12. Kb1 Rfc8 13. h4 Ne5 14. h5 Nxh5
15. Nd5 Qxd2 16. Rxd2 Kf8 17. g4 Nf6 18. Nxf6 Bxf6 19. Rxh7 Kg8 20. Rh1 a5 21.
Bh6 a4 22. g5 Bh8 23. Rdh2 Ng4 24. fxg4 Bxd4 25. c3 Be5 26. Bd1 Bxh2 27. Rxh2
Rc4 28. Bf3 a3 29. Rd2 Bc6 0-1

[Event "I Torneo Giovani Maestri"]
[Site "Pesaro ITA"]
[Date "2003.09.29"]
[Round "2"]
[White "Ronchetti, Niccolo'"]
[Black "Rombaldoni, Denis"]
[Result "1-0"]
[WhiteElo "2217"]
[BlackElo "2064"]
[PlyCount "47"]
[EventDate "2003.09.28"]

1. e4 c6 2. Nc3 d5 3. d4 dxe4 4. Nxe4 Bf5 5. Ng3 Bg6 6. Nf3 Nd7 7. Bc4 e6 8.
Qe2 Bd6 9. c3 h6 10. O-O Ne7 11. Nh4 Nf6 12. f4 O-O 13. Nxg6 Nxg6 14. f5 exf5
15. Nxf5 Qc7 16. Nxh6+ gxh6 17. Rxf6 Bxh2+ 18. Kh1 Kg7 19. Qf3 Rae8 20. Bd2 Bd6
21. Rf1 Re7 22. Rxg6+ Kxg6 23. Qf6+ Kh7 24. Bxh6 1-0

[Event "I Torneo Giovani Maestri"]
[Site "Pesaro ITA"]
[Date "2003.09.29"]
[Round "2"]
[White "Tomba, Ivan"]
[Black "Lapenna, Antonio"]
[Result "1-0"]
[WhiteElo "2175"]
[BlackElo "2047"]
[PlyCount "43"]
[EventDate "2003.09.28"]

1. e4 c5 2. Nf3 d6 3. d4 cxd4 4. Nxd4 Nf6 5. Nc3 g6 6. Be3 Bg7 7. f3 Nc6 8. Qd2
O-O 9. O-O-O d5 10. Kb1 Nxd4 11. e5 Nf5 12. exf6 exf6 13. Bc5 Re8 14. Nxd5 Kh8
15. g4 Nh4 16. Qf2 g5 17. Bb5 Bd7 18. Nc3 Qa5 19. Bxd7 Re5 20. Bd6 Ng6 21. Bxe5
Nxe5 22. Rd5 1-0

[Event "I Torneo Giovani Maestri"]
[Site "Pesaro ITA"]
[Date "2003.09.29"]
[Round "2"]
[White "Vocaturo, Daniele"]
[Black "Cacco, Christian"]
[Result "1/2-1/2"]
[WhiteElo "2156"]
[BlackElo "2330"]
[PlyCount "166"]
[EventDate "2003.09.28"]

1. e4 c5 2. Nf3 Nc6 3. d4 cxd4 4. Nxd4 e5 5. Nb5 d6 6. c4 Be7 7. N1c3 a6 8. Na3
Nf6 9. Bd3 O-O 10. Nc2 Bg4 11. f3 Be6 12. O-O Nh5 13. Nd5 Bg5 14. Kh1 Bxc1 15.
Rxc1 Qh4 16. Qe1 Qxe1 17. Rfxe1 Nf4 18. Bf1 Rac8 19. Red1 Rfd8 20. Kg1 Kf8 21.
Kf2 g6 22. Ke3 Bxd5 23. cxd5 Ne7 24. g3 Nh5 25. Bh3 f5 26. Nb4 Nf6 27. g4 a5
28. Nd3 fxe4 29. fxe4 g5 30. b3 Ng6 31. Nf2 Nd7 32. Bf1 Ke7 33. Rc4 Rxc4 34.
bxc4 Rf8 35. Rb1 b6 36. Be2 Kd8 37. Nh1 Nh4 38. Rf1 Rf4 39. Rg1 Nc5 40. Nf2 Ng6
41. Bf3 Rf7 42. Rb1 Kc7 43. Rd1 Nh4 44. Bh1 Kb7 45. h3 Na4 46. Rb1 Nc3 47. Rb2
Rxf2 48. Rxf2 Nd1+ 49. Ke2 Nxf2 50. Kxf2 a4 51. Ke3 b5 52. cxb5 Kb6 53. Kd2
Kxb5 54. Kc3 Kc5 55. a3 h6 56. Kd3 Ng6 57. Bf3 Nf4+ 58. Ke3 Nxh3 59. Bd1 Kb5
60. Be2+ Ka5 61. Bd1 Nf4 62. Bf3 Ng6 63. Be2 Nf8 64. Kd3 Nd7 65. Kc3 Nf6 66.
Kd3 Kb5 67. Ke3+ Ka5 68. Kd3 Nd7 69. Kc3 Nc5 70. Bf3 Nb3 71. Bd1 Nd4 72. Kb2
Nb5 73. Bc2 Nc7 74. Kc3 Kb5 75. Bd1 Ne8 76. Be2+ Kc5 77. Bd1 Nf6 78. Kd3 h5 79.
gxh5 g4 80. h6 g3 81. Bf3 Nh7 82. Kc3 Ng5 83. Bg2 Nh7 1/2-1/2

[Event "I Torneo Giovani Maestri"]
[Site "Pesaro ITA"]
[Date "2003.09.30"]
[Round "3"]
[White "Cacco, Christian"]
[Black "Tomba, Ivan"]
[Result "1-0"]
[WhiteElo "2330"]
[BlackElo "2175"]
[PlyCount "63"]
[EventDate "2003.09.28"]

1. d4 Nf6 2. Nf3 g6 3. g3 Bg7 4. Bg2 d6 5. O-O O-O 6. Re1 c5 7. c3 Nbd7 8. e4
Rb8 9. e5 Ne8 10. Bf4 cxd4 11. Qxd4 Qa5 12. Nbd2 b5 13. Qe3 f6 14. exf6 Ndxf6
15. Nb3 Qa4 16. Qd2 e5 17. Bxe5 dxe5 18. Nxe5 Kh8 19. Qd8 Qa6 20. Nc6 Qb6 21.
Rad1 Nc7 22. Nxb8 Ng4 23. Nc6 Nxf2 24. Rd4 Nh3+ 25. Kh1 Rxd8 26. Rxd8+ Bf8 27.
Rxf8+ Kg7 28. Ref1 Bf5 29. R8xf5 gxf5 30. Nbd4 Ng5 31. Nxf5+ Kg6 32. Ne5+ 1-0

[Event "I Torneo Giovani Maestri"]
[Site "Pesaro ITA"]
[Date "2003.09.30"]
[Round "3"]
[White "Genocchio, Daniele"]
[Black "Vocaturo, Daniele"]
[Result "0-1"]
[WhiteElo "2352"]
[BlackElo "2156"]
[PlyCount "94"]
[EventDate "2003.09.28"]

1. e4 c5 2. Nf3 d6 3. d4 cxd4 4. Nxd4 Nf6 5. Nc3 g6 6. Be2 Bg7 7. O-O Nc6 8.
Nb3 Be6 9. Bg5 O-O 10. Kh1 Rc8 11. f4 Na5 12. f5 Bc4 13. e5 Bxe2 14. Qxe2 dxe5
15. Rad1 Qc7 16. Bxf6 exf6 17. Nd5 Qxc2 18. Rd2 Qc4 19. Nxa5 Qxe2 20. Rxe2 Rc5
21. Ne7+ Kh8 22. b4 Rb5 23. a3 Re8 24. Rc1 Rxe7 25. Rc8+ Bf8 26. fxg6 hxg6 27.
Rxf8+ Kg7 28. Rd8 Rc7 29. g3 b6 30. Nb3 Rc3 31. Rb2 a5 32. Rd7 f5 33. Kg2 a4
34. Nd2 Rxa3 35. Nc4 Rb3 36. Rbd2 R5xb4 37. Nxe5 Kf6 38. R2d5 Re3 39. Nxf7 Rb2+
40. Kf1 Rxh2 41. g4 Re7 42. Ne5 Rxd7 43. Nxd7+ Ke6 44. Nxb6 a3 45. gxf5+ gxf5
46. Kg1 Rb2 47. Ra5 a2 0-1

[Event "I Torneo Giovani Maestri"]
[Site "Pesaro ITA"]
[Date "2003.09.30"]
[Round "3"]
[White "Lapenna, Antonio"]
[Black "Ronchetti, Niccolo'"]
[Result "0-1"]
[WhiteElo "2047"]
[BlackElo "2217"]
[PlyCount "82"]
[EventDate "2003.09.28"]

1. e4 c5 2. Nf3 Nc6 3. Bb5 e6 4. Bxc6 bxc6 5. O-O Ne7 6. Re1 Ng6 7. c3 d5 8. d3
Be7 9. Nbd2 Ba6 10. Nf1 O-O 11. Qc2 c4 12. d4 dxe4 13. Rxe4 Bb7 14. Ne5 c5 15.
Nxg6 hxg6 16. Rg4 Qe8 17. Qe2 cxd4 18. cxd4 Rc8 19. Bg5 Bb4 20. h4 Qd7 21. h5
f6 22. Be3 gxh5 23. Rh4 Qd5 24. f3 Kf7 25. Kf2 Qa5 26. g4 Rh8 27. a3 hxg4 28.
Rxh8 Rxh8 29. Qxc4 Bd6 30. b4 Qh5 31. Qb3 g3+ 32. Ke2 Qxf3+ 33. Kd2 g2 34. Ng3
Qxg3 35. Qa4 Rh1 36. Qd7+ Be7 37. d5 Bxd5 38. Bc5 Qg5+ 39. Kc2 Rxa1 40. Qxe7+
Kg6 41. Qe8+ Kh7 0-1

[Event "I Torneo Giovani Maestri"]
[Site "Pesaro ITA"]
[Date "2003.09.30"]
[Round "3"]
[White "Rombaldoni, Denis"]
[Black "Bonafede, Alessandro"]
[Result "1-0"]
[WhiteElo "2064"]
[BlackElo "2098"]
[PlyCount "105"]
[EventDate "2003.09.28"]

1. d4 f5 2. g3 Nf6 3. Bg2 g6 4. Nh3 Bg7 5. Nf4 d6 6. d5 Na6 7. O-O O-O 8. a4
Nc5 9. Ra3 a5 10. c3 Bd7 11. Be3 g5 12. Bxc5 gxf4 13. Bd4 fxg3 14. fxg3 c5 15.
Bxf6 Rxf6 16. Qd3 Rh6 17. Nd2 Qe8 18. e3 Qh5 19. Nf3 Re8 20. Nh4 Be5 21. Bf3
Qg5 22. Ng2 Kh8 23. Nf4 Rg8 24. Qd2 Qf6 25. Rf2 b6 26. Rg2 Bxf4 27. exf4 Rhg6
28. Qe2 Ra8 29. Ra1 Rgg8 30. Qc2 b5 31. axb5 Bxb5 32. Re1 Bd7 33. Rge2 Rg7 34.
Qb3 Qf8 35. Qb7 Qd8 36. Qb3 Rb8 37. Qa3 Rb7 38. b3 Bc8 39. Ra2 Ra7 40. Bd1 Qb6
41. c4 Bd7 42. Qb2 Bc8 43. Qc3 Kg8 44. Bc2 Ra8 45. Rea1 Rb8 46. Qxa5 Qxa5 47.
Rxa5 e6 48. Ra8 Rgb7 49. R1a6 exd5 50. cxd5 c4 51. bxc4 Rb2 52. Rxb8 Rxb8 53.
Rxd6 1-0

[Event "I Torneo Giovani Maestri"]
[Site "Pesaro ITA"]
[Date "2003.10.01"]
[Round "4"]
[White "Bonafede, Alessandro"]
[Black "Vocaturo, Daniele"]
[Result "0-1"]
[WhiteElo "2098"]
[BlackElo "2156"]
[PlyCount "56"]
[EventDate "2003.09.28"]

1. e4 c5 2. Nf3 d6 3. d4 cxd4 4. Nxd4 Nf6 5. Nc3 g6 6. Be3 Bg7 7. f3 O-O 8. Bc4
Nc6 9. Qd2 Bd7 10. O-O-O Ne5 11. Bb3 Qa5 12. h4 Rfc8 13. h5 Rxc3 14. Qxc3 Qxc3
15. bxc3 Nxh5 16. g4 Nf6 17. Bh6 Bh8 18. Rdg1 Rc8 19. g5 Nh5 20. Rxh5 gxh5 21.
f4 Ng4 22. f5 Rxc3 23. g6 Rxb3 24. Nxb3 Nxh6 25. gxh7+ Kxh7 26. Rh1 Bc6 27. Nd2
Bc3 28. Nf3 Bf6 0-1

[Event "I Torneo Giovani Maestri"]
[Site "Pesaro ITA"]
[Date "2003.10.01"]
[Round "4"]
[White "Rombaldoni, Denis"]
[Black "Lapenna, Antonio"]
[Result "1-0"]
[WhiteElo "2064"]
[BlackElo "2047"]
[PlyCount "69"]
[EventDate "2003.09.28"]

1. d4 Nf6 2. c4 c5 3. d5 b5 4. Nf3 d6 5. cxb5 a6 6. bxa6 Bxa6 7. Nc3 g6 8. g3
Bg7 9. Bg2 O-O 10. O-O Nbd7 11. Rb1 Ra7 12. b3 Qa8 13. Bb2 Rb8 14. Ba1 Rb4 15.
a3 Rb8 16. Nd2 Ne5 17. h3 Ned7 18. Qc2 Nb6 19. a4 Nbxd5 20. Nxd5 Nxd5 21. Bxg7
Kxg7 22. Nc4 Kg8 23. Qd2 e6 24. Nxd6 Qc6 25. Ne4 Qb6 26. Rfd1 Rc7 27. a5 Qb4
28. Qg5 Bxe2 29. Rxd5 exd5 30. Nf6+ Kg7 31. Qe5 Qxa5 32. Ne8+ Kf8 33. Nxc7 Bd3
34. Nxd5 Kg8 35. Qxb8+ 1-0

[Event "I Torneo Giovani Maestri"]
[Site "Pesaro ITA"]
[Date "2003.10.01"]
[Round "4"]
[White "Ronchetti, Niccolo'"]
[Black "Cacco, Christian"]
[Result "1-0"]
[WhiteElo "2217"]
[BlackElo "2330"]
[PlyCount "125"]
[EventDate "2003.09.28"]

1. e4 g6 2. d4 Bg7 3. Nc3 d6 4. Bc4 Nf6 5. Nf3 O-O 6. O-O Nxe4 7. Nxe4 d5 8.
Bd3 dxe4 9. Bxe4 c6 10. c3 Nd7 11. Qe2 h6 12. Bc2 c5 13. Qc4 cxd4 14. Nxd4 Nb6
15. Qc5 e5 16. Nb5 Bd7 17. Nd6 Bc6 18. f4 Nd7 19. Qf2 Qe7 20. Nc4 Bb5 21. Bd3
e4 22. Be2 Rac8 23. Nd6 Qxd6 24. Bxb5 a6 25. Be2 Qb6 26. Qxb6 Nxb6 27. f5 Rc6
28. fxg6 fxg6 29. Be3 Nd5 30. Rxf8+ Kxf8 31. Bd2 Ke8 32. Re1 Kd8 33. Bd1 Re6
34. Bb3 Re5 35. c4 e3 36. Bc1 Nf4 37. Bc2 Ne6 38. Rxe3 Nd4 39. Rxe5 Bxe5 40.
Bd3 g5 41. Kf2 Ne6 42. g3 Nc5 43. Bc2 a5 44. Kf3 Ke7 45. h4 gxh4 46. gxh4 Nd7
47. b3 h5 48. Bg6 Nf6 49. Bd2 b6 50. Be3 Bc7 51. Bd4 Ke6 52. Bf2 Ng4 53. Bg3
Bxg3 54. Kxg3 Ke5 55. Bxh5 Ne3 56. Bf3 a4 57. Kf2 Nc2 58. bxa4 Nb4 59. Kg3 Nxa2
60. Bc6 Nb4 61. Bb5 Nd3 62. Kg4 Kf6 63. h5 1-0

[Event "I Torneo Giovani Maestri"]
[Site "Pesaro ITA"]
[Date "2003.10.01"]
[Round "4"]
[White "Tomba, Ivan"]
[Black "Genocchio, Daniele"]
[Result "1/2-1/2"]
[WhiteElo "2175"]
[BlackElo "2352"]
[PlyCount "104"]
[EventDate "2003.09.28"]

1. e4 c5 2. Nf3 g6 3. d4 Bg7 4. dxc5 Qa5+ 5. Bd2 Qxc5 6. Nc3 Nf6 7. Bd3 O-O 8.
O-O d5 9. b4 Qc6 10. Bb5 Qe6 11. exd5 Nxd5 12. Re1 Nxc3 13. Bxc3 Qb6 14. Bxg7
Kxg7 15. Qd4+ Qxd4 16. Nxd4 Kf6 17. c4 Rd8 18. Rad1 a5 19. bxa5 Rxa5 20. a4 b6
21. Nc2 Rxd1 22. Rxd1 Na6 23. Rd8 Bb7 24. Ne3 Nc5 25. Rb8 Ra8 26. Rxa8 Bxa8 27.
f4 g5 28. fxg5+ Kxg5 29. Kf2 Kf4 30. g3+ Ke5 31. Ke2 Be4 32. Kd2 Kd4 33. Nd1 e5
34. Ne3 h6 35. Ng4 h5 36. Nf6 Nb3+ 37. Ke2 Nc1+ 38. Kf2 Nd3+ 39. Ke2 Nc1+ 40.
Kd1 Nb3 41. Nxe4 Kxe4 42. Be8 Nc5 43. Bxf7 Nxa4 44. Kd2 Kd4 45. Bxh5 e4 46. h4
e3+ 47. Ke1 Kxc4 48. Bf7+ Kd4 49. h5 Ke5 50. Ke2 Kf6 51. Be8 Nc3+ 52. Kxe3 Kg5
1/2-1/2

[Event "I Torneo Giovani Maestri"]
[Site "Pesaro ITA"]
[Date "2003.10.02"]
[Round "5"]
[White "Cacco, Christian"]
[Black "Rombaldoni, Denis"]
[Result "1-0"]
[WhiteElo "2330"]
[BlackElo "2064"]
[PlyCount "81"]
[EventDate "2003.09.28"]

1. d4 Nf6 2. Nf3 e6 3. c4 d5 4. Bg5 Be7 5. Nc3 Nbd7 6. e3 O-O 7. Qc2 c5 8. Rd1
Qa5 9. cxd5 Nxd5 10. Bxe7 Nxe7 11. Bd3 Nf6 12. dxc5 Ned5 13. O-O Nb4 14. Qa4
Qxa4 15. Nxa4 Nxa2 16. Ne5 Nb4 17. Bb5 Nfd5 18. e4 Nc7 19. Bc4 f6 20. Ng4 Kf7
21. Rd6 Ke7 22. Rfd1 Nc2 23. Bb3 e5 24. Nxe5 fxe5 25. Bxc2 Nb5 26. R6d5 Nd4 27.
Bd3 Be6 28. Rxe5 Kf6 29. f4 Nc6 30. Rg5 Bb3 31. Ra1 Nb4 32. Bb1 Rfd8 33. Nc3
Rd2 34. e5+ Kf7 35. Bxh7 Rxb2 36. Be4 Rd8 37. Rxa7 Na2 38. Rxb7+ Kf8 39. Rf5+
Kg8 40. Rxb3 Rxb3 41. Bd5+ 1-0

[Event "I Torneo Giovani Maestri"]
[Site "Pesaro ITA"]
[Date "2003.10.02"]
[Round "5"]
[White "Genocchio, Daniele"]
[Black "Ronchetti, Niccolo'"]
[Result "1-0"]
[WhiteElo "2352"]
[BlackElo "2217"]
[PlyCount "45"]
[EventDate "2003.09.28"]

1. b3 e5 2. Bb2 Nc6 3. c4 f5 4. Nc3 Nf6 5. g3 d6 6. Bg2 g6 7. e3 Bg7 8. Nge2
O-O 9. O-O Ne7 10. Na4 g5 11. f4 gxf4 12. exf4 Ng6 13. Qc2 Rb8 14. Rad1 h5 15.
fxe5 dxe5 16. Rxf5 Bxf5 17. Qxf5 Ne7 18. Qe6+ Kh8 19. Qxe5 Ng6 20. Qf5 Qe8 21.
Nd4 Ng4 22. Qxh5+ Nh6 23. Nf5 1-0

[Event "I Torneo Giovani Maestri"]
[Site "Pesaro ITA"]
[Date "2003.10.02"]
[Round "5"]
[White "Lapenna, Antonio"]
[Black "Bonafede, Alessandro"]
[Result "1/2-1/2"]
[WhiteElo "2047"]
[BlackElo "2098"]
[PlyCount "39"]
[EventDate "2003.09.28"]

1. e4 c5 2. Nf3 Nc6 3. d4 cxd4 4. Nxd4 Nf6 5. Nc3 e5 6. Ndb5 d6 7. Bg5 a6 8.
Na3 b5 9. Nd5 Be7 10. Nxe7 Nxe7 11. Bxf6 gxf6 12. c4 O-O 13. cxb5 Rb8 14. Qd2
Qb6 15. Be2 Rd8 16. O-O d5 17. Rac1 dxe4 18. Qb4 Nd5 19. Qxe4 Nf4 20. Bf3
1/2-1/2

[Event "I Torneo Giovani Maestri"]
[Site "Pesaro ITA"]
[Date "2003.10.02"]
[Round "5"]
[White "Vocaturo, Daniele"]
[Black "Tomba, Ivan"]
[Result "0-1"]
[WhiteElo "2156"]
[BlackElo "2175"]
[PlyCount "84"]
[EventDate "2003.09.28"]

1. f4 Nf6 2. b3 g6 3. e3 Bg7 4. Bb2 c5 5. Nf3 O-O 6. Be2 d6 7. O-O Nc6 8. c4
Qc7 9. Nc3 b6 10. d4 cxd4 11. exd4 d5 12. Ne5 Bb7 13. Rc1 dxc4 14. bxc4 Rac8
15. Nb5 Qb8 16. d5 Na5 17. Bc3 Rfd8 18. Bb4 a6 19. Nd4 Qc7 20. Qe1 Nd7 21. Bxa5
bxa5 22. Nec6 Qb6 23. Rb1 Rxc6 24. Rxb6 Bxd4+ 25. Kh1 Rxb6 26. Bg4 Nf6 27. Bf3
Bc5 28. Qxa5 Rc8 29. Qd2 Ne8 30. h3 Nd6 31. Bg4 Rc7 32. Qe2 a5 33. f5 Ba6 34.
fxg6 hxg6 35. Be6 Bd4 36. Qg4 Bg7 37. Qxg6 fxe6 38. Qxe6+ Kh8 39. Rf4 Rxc4 40.
Qxe7 Rb1+ 41. Kh2 Rxf4 42. Qxd6 Rf6 0-1

[Event "I Torneo Giovani Maestri"]
[Site "Pesaro ITA"]
[Date "2003.10.03"]
[Round "6"]
[White "Bonafede, Alessandro"]
[Black "Tomba, Ivan"]
[Result "1-0"]
[WhiteElo "2098"]
[BlackElo "2175"]
[PlyCount "65"]
[EventDate "2003.09.28"]

1. e4 c5 2. Nf3 d6 3. d4 cxd4 4. Nxd4 Nf6 5. Nc3 e6 6. Bc4 Be7 7. Bb3 Na6 8. f4
O-O 9. f5 Nc5 10. Qf3 a5 11. a4 e5 12. Ndb5 Nxb3 13. cxb3 d5 14. O-O Qb6+ 15.
Kh1 d4 16. Ne2 Bd7 17. Na3 Bc6 18. Nc4 Qc5 19. Ng3 b5 20. axb5 Bxb5 21. Bg5 a4
22. Rac1 Qb4 23. Nxe5 Bxf1 24. Nc6 Qb7 25. e5 Bb5 26. exf6 Bxc6 27. Rxc6 Bxf6
28. Bxf6 gxf6 29. Nh5 Kh8 30. Qg3 Rg8 31. Qd6 Rg7 32. Nxg7 Rc8 33. Qxf6 1-0

[Event "I Torneo Giovani Maestri"]
[Site "Pesaro ITA"]
[Date "2003.10.03"]
[Round "6"]
[White "Lapenna, Antonio"]
[Black "Cacco, Christian"]
[Result "0-1"]
[WhiteElo "2047"]
[BlackElo "2330"]
[PlyCount "94"]
[EventDate "2003.09.28"]

1. e4 g6 2. d4 Bg7 3. Nc3 d6 4. g3 Nd7 5. Bg2 c5 6. Nge2 Ngf6 7. O-O O-O 8. h3
Rb8 9. a4 b6 10. Be3 Bb7 11. g4 Ne8 12. Ng3 e5 13. d5 a6 14. f4 exf4 15. Bxf4
Ne5 16. Qe2 Nc7 17. Nb1 b5 18. Nd2 Bc8 19. b3 bxa4 20. Rxa4 Nb5 21. Nb1 Nd4 22.
Qd2 Bd7 23. Ra2 c4 24. b4 c3 25. Nxc3 Rxb4 26. Rxa6 Rb2 27. Ra2 Nc4 28. Qc1
Rxa2 29. Nxa2 Qa5 30. Qb1 Qa7 31. Kh2 Rb8 32. Nb4 Qa3 33. c3 Qxc3 34. Na2 Qb2
35. Qxb2 Rxb2 36. Nc3 Nd2 37. Bxd2 Rxd2 38. Nd1 Be5 39. Ne3 Ne2 40. Rf3 Nxg3
41. Rxg3 Bb5 42. h4 Re2 43. Nd1 Re1 44. Nf2 Re3 45. Nh1 Bd7 46. Kh3 h5 47. Rxe3
Bxg4# 0-1

[Event "I Torneo Giovani Maestri"]
[Site "Pesaro ITA"]
[Date "2003.10.03"]
[Round "6"]
[White "Rombaldoni, Denis"]
[Black "Genocchio, Daniele"]
[Result "0-1"]
[WhiteElo "2064"]
[BlackElo "2352"]
[PlyCount "76"]
[EventDate "2003.09.28"]

1. d4 c5 2. d5 e6 3. c4 exd5 4. cxd5 d6 5. Nc3 g6 6. Nf3 Bg7 7. Qa4+ Kf8 8. Bg5
Qb6 9. Qc2 Nd7 10. e3 Ngf6 11. Be2 h6 12. Bf4 Nh5 13. Bg3 Nxg3 14. hxg3 Kg8 15.
Nd2 Qd8 16. f4 a6 17. a4 Nf6 18. e4 Rb8 19. a5 b5 20. axb6 Rxb6 21. Nc4 Rb4 22.
Ra4 Kh7 23. Bf3 Re8 24. O-O Bd7 25. Rxb4 cxb4 26. Na2 a5 27. e5 dxe5 28. fxe5
Bf5 29. Qd1 Nd7 30. e6 fxe6 31. g4 Qh4 32. Re1 Bc2 33. Qd2 Nc5 34. Nd6 Rd8 35.
Nb5 Bd3 36. Qf2 Qxf2+ 37. Kxf2 Bxb5 38. dxe6 Nd3+ 0-1

[Event "I Torneo Giovani Maestri"]
[Site "Pesaro ITA"]
[Date "2003.10.03"]
[Round "6"]
[White "Ronchetti, Niccolo'"]
[Black "Vocaturo, Daniele"]
[Result "1-0"]
[WhiteElo "2217"]
[BlackElo "2156"]
[PlyCount "79"]
[EventDate "2003.09.28"]

1. e4 g6 2. d4 Bg7 3. Nf3 d6 4. c3 Nf6 5. Bd3 Nbd7 6. O-O e5 7. a4 O-O 8. Qb3
Qe7 9. Re1 Rd8 10. Na3 h6 11. Bf1 Nf8 12. dxe5 dxe5 13. Nc4 Nh5 14. g3 c6 15.
a5 Be6 16. Qc2 Nd7 17. b3 Qf6 18. Be2 Bxc4 19. bxc4 Nc5 20. Nd2 Qe6 21. Ba3 Bf8
22. Bxc5 Bxc5 23. Bxh5 gxh5 24. Nf3 f6 25. Qe2 Kh7 26. Kg2 Rg8 27. h3 Rac8 28.
Nh4 Qf7 29. Rad1 Rc7 30. Rd2 b6 31. a6 Rb8 32. Red1 Bf8 33. Qf3 Re8 34. Qf5+
Kg7 35. Rd7 Re7 36. R7d3 Qe8 37. Qf3 Re6 38. R1d2 Kh8 39. Rd8 Qf7 40. Rxf8+ 1-0

[Event "I Torneo Giovani Maestri"]
[Site "Pesaro ITA"]
[Date "2003.10.04"]
[Round "7"]
[White "Cacco, Christian"]
[Black "Bonafede, Alessandro"]
[Result "1-0"]
[WhiteElo "2330"]
[BlackElo "2098"]
[PlyCount "33"]
[EventDate "2003.09.28"]

1. d4 Nf6 2. Nf3 e6 3. Bg5 Be7 4. Nbd2 d5 5. e3 Nbd7 6. c4 b6 7. cxd5 exd5 8.
Bb5 c5 9. Bc6 Rb8 10. Bf4 Bb7 11. Bxd7+ Nxd7 12. Bxb8 Qxb8 13. Qa4 f6 14. dxc5
bxc5 15. O-O Qc7 16. Rac1 Bc6 17. Qg4 1-0

[Event "I Torneo Giovani Maestri"]
[Site "Pesaro ITA"]
[Date "2003.10.04"]
[Round "7"]
[White "Genocchio, Daniele"]
[Black "Lapenna, Antonio"]
[Result "1-0"]
[WhiteElo "2352"]
[BlackElo "2047"]
[PlyCount "70"]
[EventDate "2003.09.28"]

1. e4 c5 2. Nf3 d6 3. d4 cxd4 4. Nxd4 Nf6 5. f3 a6 6. c4 e6 7. Nc3 Be7 8. Be2
b6 9. Be3 Bb7 10. O-O O-O 11. Qd2 Nbd7 12. Rac1 Qc7 13. Rfd1 Rac8 14. Qe1 Rfd8
15. g4 Ne8 16. g5 Qb8 17. Qf2 Bf8 18. Nc2 Nc7 19. Na4 Na8 20. b4 d5 21. exd5
exd5 22. cxd5 b5 23. Nc5 Nxc5 24. bxc5 Bxd5 25. Nb4 Bb7 26. f4 Nc7 27. c6 Bxb4
28. cxb7 Rxd1+ 29. Bxd1 Re8 30. Bf3 Qd8 31. Bb6 Bd6 32. Rd1 Qe7 33. Bc6 Rd8 34.
Re1 Qf8 35. Ba7 Ne6 1-0

[Event "I Torneo Giovani Maestri"]
[Site "Pesaro ITA"]
[Date "2003.10.04"]
[Round "7"]
[White "Tomba, Ivan"]
[Black "Ronchetti, Niccolo'"]
[Result "1/2-1/2"]
[WhiteElo "2175"]
[BlackElo "2217"]
[PlyCount "53"]
[EventDate "2003.09.28"]

1. e4 c5 2. Nf3 Nc6 3. Nc3 Nf6 4. d4 cxd4 5. Nxd4 e5 6. Ndb5 d6 7. Bg5 a6 8.
Na3 b5 9. Nd5 Be7 10. Bxf6 Bxf6 11. c3 Bg5 12. Nc2 O-O 13. a4 bxa4 14. Rxa4 a5
15. Bd3 Ne7 16. Nxe7+ Qxe7 17. O-O Bd7 18. Ra3 Bc6 19. Qa1 Qb7 20. Re1 f5 21.
f3 fxe4 22. Bxe4 d5 23. Bd3 e4 24. fxe4 dxe4 25. Bc4+ Kh8 26. Nd4 a4 27. Nxc6
1/2-1/2